Quizzes
Events
Quiz Creation
Community
Videos
Private Events
Remove Ads
Sign In
Join for FREE
Feedback
Dark Mode
Quiz Categories
Sports
Geography
Music
Movies
Television
Just For Fun
Miscellaneous
History
Literature
Language
Science
Gaming
Entertainment
Religion
Holiday
For Kids
Quiz Lab
Recent
Popular Today
Quiz Kudos Today
Editor Picks
Curator Picks
Quizzes by...
Day
Popularity
Type
Ratings
Length
Year
Community
Subscriptions
Recent Discussions
Orange Saloon
Badges
Playlists
Quests
Create
Leaderboards
Showdown
Live 5
Trivia Bingo
Activity
Puzzle Library
Sporcle Events
Private Events
Virtual Trivia
Globe League
Become a Host
Pub Owners
SporcleCon
Opinionation
Our Games
Videos
Blog
Mobile Apps
Partnerships
Remove Ads and Go Orange
Feedback
Music
Pop Music
The Beatles
Song
Album
Lyrics
Bands
Singers
Artist
Clip
Rock
Rap
Classical
Billboard
Country Music
Kpop
Taylor Swift
Music
Pop Music
The Beatles
Song
Album
Lyrics
Bands
Singers
Artist
Clip
Rock
Rap
Classical
Billboard
Country Music
Kpop
Taylor Swift
Random Quiz
Search Sporcle
×
Quiz Lab
Quiz Lab
Music
Song
Type in answers that appear in a list
Type in answers that appear in a list
Classic
Best Score? Go Orange.
Gary U.S. Bonds Songs Stats
Can you name the Gary U.S. Bonds Songs?
By
jmadrox
15m
122 Questions
8 Plays
8 Plays
8 Plays
Comments
Comments
Give Quiz Kudos
Give Quiz Kudos
-
- Ratings
hide this ad
Replay
Link that replays current quiz
Next Quiz
Link to next quiz in quiz playlist
You Got
0%
They Got
Avg Score
7%
Avg Friend Score
Upgrade to see
Score Distribution
Jump to the score distribution portion of the page
Score
0/122
Timer
15:00
0
Plays Today
Album
Songs
% Correct
Dance 'Til Quarter To Three With U.S. Bonds
Quarter To Three
87.5%
Nothing Left to Lose
Nothing Left to Lose
87.5%
Flower Hour Presents Gary U.S. Bonds
Quarter To Three
87.5%
Dedication
Dedication
75%
Standing in the Line of Fire
Standing in the Line of Fire
75%
Flower Hour Presents Gary U.S. Bonds
Dedication
75%
Let Them Talk
Let Them Talk
75%
Dedication
This Little Girl
50%
Flower Hour Presents Gary U.S. Bonds
This Little Girl Is Mine
50%
On the Line
Out Of Work
37.5%
Flower Hour Presents Gary U.S. Bonds
Out Of Work
37.5%
Dance 'Til Quarter To Three With U.S. Bonds
New Orleans
25%
Dedication
Jolé Blon
25%
Flower Hour Presents Gary U.S. Bonds
Jolé Blon
25%
Flower Hour Presents Gary U.S. Bonds
New Orleans
25%
Dance 'Til Quarter To Three With U.S. Bonds
School Is Out
12.5%
Twist Up Calypso
Dear Lady Twist
12.5%
Twist Up Calypso
Naughty Little Flea
12.5%
Dedication
Daddy's Come Home
12.5%
Dedication
It's Only Love
12.5%
Dedication
The Pretender
12.5%
Dedication
Way Back When
12.5%
Dedication
From a Buick 6
12.5%
Dedication
Just Like A Child
12.5%
Flower Hour Presents Gary U.S. Bonds
Daddy's Come Home
12.5%
Dance 'Til Quarter To Three With U.S. Bonds
A Trip To The Moon
0%
Dance 'Til Quarter To Three With U.S. Bonds
Cecilia
0%
Dance 'Til Quarter To Three With U.S. Bonds
That's All Right
0%
Dance 'Til Quarter To Three With U.S. Bonds
I Know Why Dreamer's Cry
0%
Dance 'Til Quarter To Three With U.S. Bonds
Minnie The Moocher
0%
Dance 'Til Quarter To Three With U.S. Bonds
One Million Tears
0%
Dance 'Til Quarter To Three With U.S. Bonds
Not Me
0%
Dance 'Til Quarter To Three With U.S. Bonds
Please Forgive Me
0%
Dance 'Til Quarter To Three With U.S. Bonds
Don't Go To Strangers
0%
Twist Up Calypso
Stop The Music
0%
Twist Up Calypso
Mama Look A Booboo
0%
Twist Up Calypso
Scratch Scratch Me Back
0%
Twist Up Calypso
Food Of Love
0%
Twist Up Calypso
Twist, Twist Senora
0%
Twist Up Calypso
Man Smart, Woman Smarter
0%
Twist Up Calypso
Give Me One More Chance
0%
Album
Songs
% Correct
Twist Up Calypso
Coconut Woman
0%
Twist Up Calypso
Cordelia Brown
0%
Twist Up Calypso
Day-O
0%
Dedication
You're Love
0%
On the Line
Hold On (To What You Got)
0%
On the Line
Club Soul City
0%
On the Line
Soul Deep
0%
On the Line
Love's On The Line
0%
On the Line
Turn the Music Down
0%
On the Line
Rendezvous
0%
On the Line
Angelyne
0%
On the Line
All I Need
0%
On the Line
Bring Her Back
0%
On the Line
Last Time
0%
Standing in the Line of Fire
Sneakin' Away
0%
Standing in the Line of Fire
I Wish I Could Dance Like Fred Astaire
0%
Standing in the Line of Fire
Working Man
0%
Standing in the Line of Fire
Wild Nights
0%
Standing in the Line of Fire
Dance
0%
Standing in the Line of Fire
Take A Chance
0%
Standing in the Line of Fire
City Lights
0%
Standing in the Line of Fire
Come On Let's Go
0%
Standing in the Line of Fire
You Are The One
0%
Nothing Left to Lose
Give Me The Love
0%
Nothing Left to Lose
Can't Win For Losing
0%
Nothing Left to Lose
1950's Kind of Mood
0%
Nothing Left to Lose
Souvenirs
0%
Nothing Left to Lose
Young Blood
0%
Nothing Left to Lose
I Don't Need More Than That
0%
Nothing Left to Lose
Search & Seize Her
0%
Nothing Left to Lose
Vagabond Man
0%
Flower Hour Presents Gary U.S. Bonds
Rendezvous
0%
Flower Hour Presents Gary U.S. Bonds
1950's Kind of Mood
0%
Flower Hour Presents Gary U.S. Bonds
Murder in the First Degree
0%
Flower Hour Presents Gary U.S. Bonds
Bring Her Back
0%
Flower Hour Presents Gary U.S. Bonds
I Want You to Be My Baby
0%
Back in 20
Can't Teach An Old Dog New Tricks
0%
Back in 20
Murder in the First Degree
0%
Back in 20
Take Me Back
0%
Back in 20
She Just Wants To Dance
0%
Back in 20
Fannie Mae
0%
Album
Songs
% Correct
Back in 20
Bitch-Dumb Ass
0%
Back in 20
I've Got Dreams To Remember
0%
Back in 20
Nothing But Blue
0%
Back in 20
She Chose To Be My Lady
0%
Back in 20
Too Much, Too Little, Too Late
0%
Back in 20
Every Time I Roll the Dice
0%
Back in 20
Don't You Do It Here
0%
Let Them Talk
Whine
0%
Let Them Talk
Pour Me
0%
Let Them Talk
If I Live Through This
0%
Let Them Talk
Get It Together
0%
Let Them Talk
Have Mercy
0%
Let Them Talk
I'm Gone
0%
Let Them Talk
She's A Woman
0%
Let Them Talk
I Got Love
0%
Let Them Talk
I Forgot How Bad My Good Woman Could Be
0%
Let Them Talk
Burden
0%
Let Them Talk
Shake A Hand
0%
Non Album Singles, B-
Sides and Compilation Tracks
Time Ole Story (B-Side of Quarter To Three)
0%
Non Album Singles, B-
Sides and Compilation Tracks
Seven Day Weekend
0%
Non Album Singles, B-
Sides and Compilation Tracks
Gettin' A Groove (B-Side of Seven Day Weekend)
0%
Non Album Singles, B-
Sides and Compilation Tracks
Havin' So Much Fun (B-Side of Dear Lady Twist)
0%
Non Album Singles, B-
Sides and Compilation Tracks
King Kong's Monkey
0%
Non Album Singles, B-
Sides and Compilation Tracks
My Sweet Ruby Rose (B-Side of King Kong's Monkey)
0%
Non Album Singles, B-
Sides and Compilation Tracks
Due To Circumstances Beyond My Control
0%
Non Album Singles, B-
Sides and Compilation Tracks
Slow Motion (B-Side of Due To Circumstances Beyond My Control)
0%
Non Album Singles, B-
Sides and Compilation Tracks
Take Me Back To New Orleans
0%
Non Album Singles, B-
Sides and Compilation Tracks
I'm That Kind Of Guy (B-Side of Take Me Back To New Orleans)
0%
Non Album Singles, B-
Sides and Compilation Tracks
Call Me For Christmas
0%
Non Album Singles, B-
Sides and Compilation Tracks
Mixed Up Faculty (B-Side of Call Me For Christmas)
0%
Non Album Singles, B-
Sides and Compilation Tracks
Send Her To Me
0%
Non Album Singles, B-
Sides and Compilation Tracks
Workin' For My Baby (B-Side of Send Her To Me)
0%
Non Album Singles, B-
Sides and Compilation Tracks
Grandma's Washboard Band
0%
Non Album Singles, B-
Sides and Compilation Tracks
Believing You (B-Side of Grandma's Washboard Band)
0%
Non Album Singles, B-
Sides and Compilation Tracks
Dance To The Beat (B-Side of Standing In The Line Of Fire)
0%
Non Album Singles, B-
Sides and Compilation Tracks
One Broken Heart
0%
Non Album Singles, B-
Sides and Compilation Tracks
I Can't Use You In My Business (B-Side of One Broken Heart)
0%
Non Album Singles, B-
Sides and Compilation Tracks
One More Time Around The Block Othelia (From D.C. Cab - Music From The Original Motion Picture Soundtrack)
0%
Non Album Singles, B-
Sides and Compilation Tracks
Funky Lies (From Flashback - Nagrania Archiwalne)
0%
Non Album Singles, B-
Sides and Compilation Tracks
I Wanna Holler (From Way Beyond The Moon)
0%
Quiz Playlist
Details
Report
Send in Message
Add To Playlist
Classic:
Type in answers that appear in a list
Quiz Source
Last Updated: Feb 16, 2017
Quiz Scoreboard
CHALLENGE
Sign Up to Join the Scoreboard
Show All
Scores
Hide
Comments
May contain spoilers
Recently Published
Billboard Blitz: Fleetwood Mac
by CooCooCachoo
Music
15s
Presidents Visiting Landmarks
by Hejman
History
7m
An Introduction to Baseball
by treessimontrees
Sports
5m
More to Explore
Quiz From the Vault
Featured Blog Post
Where Did the Easter Bunny Come From?
hide this ad
You Might Also Like...
Tags
Album Quiz
Song Quiz
bond
Gary
Today's Top Quizzes in Music
Browse Music
hide this ad
Today's Top Quizzes in Song
Browse Song
Top Contributed Quizzes in Music
1
Taylor Swift All Songs (2024)
2
Guess the Artist- 70s Songs
3
7-to-1: Billboard Hot 100 #1 Hits of 2010s
4
Sorting Albums and Songs
5
Taylor Swift Logic Puzzle
6
KPOP LOGIC QUIZ
7
2010s Album by Cover III
8
One Thing in Common: Music
9
Guess the Taylor Swift song (Mystery Song)
10
Guess The Taylor Swift Lyrics Song #1
Explore More
Trending Topics
Marvel
Anime
Disney
Harry Potter
Kpop
Crossword
NBA
Pokémon
The Office
Song
WWE
Puzzle
NFL
Soccer
Country
hide this ad
More By:
jmadrox
Quiz
Plays
Rating
Category
Featured
Created
Chuck Lorre TV Shows
12,383
3.98
Television
Dec 13, 2011
Bill Paxton Movies
9,020
4.53
Movies
Jul 3, 2010
Goldie Hawn Movies
1,018
4.20
Movies
May 20, 2010
X-Men Members
1,010
4.50
Literature
Sep 18, 2010
Blondie Songs
922
5.00
Music
Jan 16, 2012
Go to Creator's Profile
Score Distribution
Quiz Creator Spotlight
jmadrox
Follow
Send a Message
Quizzes Created
-
Created Quiz Play Count
-
More By This Creator
Popular Quizzes Today
1
Find the US States - No Outlines Minefield
2
Find the Countries of Europe - No Outlines Minefield
3
The Countries of the World
4
Find the US States
5
US States
6
Popular People in 1961
7
Risky Map Clicking: Biggest States A-Z
8
Movies - When Are They Set?
More Music Quizzes
Eminem or Tupac?
Published
Trending Quizzes
Risky Map Clicking: Least Populous States A-Z
1-10 Letter G Words
1-10 Letter F Words
Risky Map Clicking: Next State Alphabetically
Risky Map Clicking: Biggest States A-Z
Recently Updated
Leaping Animals
pecheneg
Reality TV Shows (A-Z)
bhenderson79
Rickey Henderson's Hall of Fame Teammates
pecheneg
Champions League XIs: Arsenal
pecheneg
Quick Pick: Celebrities in WWE's Hall of Fame
aduchscher
A-Z Keypad Blitz II
pecheneg
Multiple Oscar Actors
pecheneg
Mystery Phrase Blitz: Oscar 'Best Actors'
pecheneg
F. Scott Fitzgerald Novels
LTH
Pick 3 Villains
ddd62291
Trending Topics
NBA
Kpop
Marvel
Harry Potter
Disney
Anime
Crossword
Pokémon
Soccer
Country
Song
The Office
NFL
Puzzle
WWE
Your Account Isn't Verified!
In order to create a playlist on Sporcle, you need to verify the email address you used during registration. Go to your
Sporcle Settings
to finish the process.
Report this User
Report this user for behavior that violates our
Community Guidelines
.
Details:
Send Report
Go to the Sporcle.com Mobile Site →
Comments